| 000 | 00539nam a22001817a 4500 | ||
|---|---|---|---|
| 003 | OSt | ||
| 005 | 20160921123556.0 | ||
| 008 | 160921s2015 spca||| |||| 0|0 0 cat|d | ||
| 017 |
_aDL B 15243-2015 _bBiblioteca de Catalunya |
||
| 020 | _a9788483308424 | ||
| 040 | _cCDMR | ||
| 100 | 1 | _aCosta, Txell | |
| 245 | 1 | 0 |
_aWorking happy _b: tot el que et cal per crear la millor empresa del món _cTxell Costa |
| 260 |
_aBarcelona : _bViena, _c2015 |
||
| 300 |
_a221 p. : _bil. ; _c21 cm |
||
| 650 | 7 |
_aEmpreses _xCreació _2lemac _94314 |
|
| 942 | _cMON | ||
| 999 |
_c6960 _d6960 |
||